000 00869nam a2200217Ii 4500
003 JO-AjNU
008 230605s9999||||xx |||||||||||||| ||und||
017 _a2004/3/549
040 _aJO-AjNU
_bara
_erda
_cJO-AjNU
041 _aara
050 1 4 _aTH420.J67.2004
100 3 _aإعداد سحر الدلاهمة، حسن عكور,
_eauthor
_951632
245 0 0 _aمجلس البناء الوطني الأردني، وزارة الأشغال العامة والإسكان: كودة الوقاية من الحرائق
250 _aط2
264 3 1 _aعمان: الجمعية العلمية الملكية،مجلس البناء الوطني الأردني، 2004
300 _a256ص
336 _atext
_btxt
_2rdacontent
337 _aunmediated
_bn
_2rdamedia
338 _avolume
_bnc
_2rdacarrier
490 0 _aكودات البناء الوطني الأردني 
999 _aA22822
_c26390
_d26390